000 00598nam a22001937a 4500
003 CEME
005 20210628205229.0
008 210204b xxu||||| |||| 00| 0 eng d
020 _a0-07-112263-X
040 _c.
082 _a005.1 SCH
100 _aSchach, Stephen.R
_955699
245 _aObject oriented and classical software engineering
250 _a5TH
260 _aNEW YORK
_bMCGRAW HILL
_c2002
300 _aXIX,629P
650 _aSOFTWARE ENGINEERING, OBJECT ORIENTED PROGRAMMING, COMPUTER SCIENCE, UML-COMPUTER SCINECE, C++ -COMPUTER PROGRAMM LANGUAGE.
_974491
942 _cBK
_2ddc
999 _c580014
_d580014